Statistics for Will Smith Charting Songs (Billboard Hot 100)

Click here to take the quiz!

General Stats

  • This quiz has been taken 27 times
  • The average score is 4 of 8

Answer Stats

AlbumWeeks OnPeakArtist(s)Song% Correct
Willennium and Wild Wild West Soundtrack17 Weeks#1 (1 Week)Will Smith ft. Dru Hill & Kool Mo DeeWild Wild West
86%
Big Willie Style21 Weeks#17Will SmithMiami
82%
Big Willie Style32 Weeks#1 (3 Weeks)Will SmithGettin' Jiggy wit It
77%
Lost and Found28 Weeks#7Will SmithSwitch
41%
Big Willie Style11 Weeks#20Will SmithJust the Two of Us
27%
Willennium13 Weeks#25Will Smith ft. K-CiWill 2K
18%
Born to Reign and Men in Black II Soundtrack3 Weeks#77Will Smith ft. Tra-KnoxBlack Suits Comin' (Nod Ya Head)
14%
Willennium4 Weeks#99Will SmithFreakin' It
9%

Score Distribution

Percentile by Number Answered

Percent of People with Each Score

Your Score History

You have not taken this quiz